Discurso leído en la Universidad Central por D. Manuel Galán y Sánchez-Calvo en el acto solemne de recibir la investidura de doctor en la Facultad de Derecho. (Record no. 54820)

MARC details
000 -LEADER
campo de control de longitud fija 00804nam a22001935i 4500
001 - NÚMERO DE CONTROL
campo de control 54820
003 - IDENTIFICADOR DE NÚMERO DE CONTROL
campo de control ES-MaACL
005 - FECHA Y HORA DE LA ÚLTIMA TRANSACCIÓN
campo de control 20230906163027.0
007 - CAMPO FIJO DE DESCRIPCIÓN FÍSICA--INFORMACIÓN GENERAL
campo de control de longitud fija t|
008 - DATOS DE LONGITUD FIJA--INFORMACIÓN GENERAL
campo de control de longitud fija 960730s1867 sp ||||1| spa d
100 1# - ENTRADA PRINCIPAL--NOMBRE DE PERSONA
Nombre de persona Galán y Sánchez Calvo, Manuel.
9 (RLIN) 53315
245 10 - MENCIÓN DEL TÍTULO
Título Discurso leído en la Universidad Central por D. Manuel Galán y Sánchez-Calvo en el acto solemne de recibir la investidura de doctor en la Facultad de Derecho.
260 ## - PUBLICACIÓN, DISTRIBUCIÓN, ETC.
Lugar de publicación, distribución, etc. Madrid :
Nombre del editor, distribuidor, etc. [s.n.],
Fecha de publicación, distribución, etc. 1867 (
Fabricante Est. tip. de Estrada Díaz y López)
300 ## - DESCRIPCIÓN FÍSICA
Extensión 23 p. ;
Dimensiones 23 cm.
594 ## - Nota al título y mención de responsabilidad
Nota al título y mención de responsabilidad Tema del discurso: Examen y juicio crítico de los diversos sistemas acerca del origen de la propiedad.
650 #4 - PUNTO DE ACCESO ADICIONAL DE MATERIA--TÉRMINO DE MATERIA
Término de materia o nombre geográfico como elemento de entrada Propiedad.
9 (RLIN) 16476
710 2# - ENTRADA AGREGADA--NOMBRE DE ENTIDAD CORPORATIVA
Nombre de entidad corporativa o nombre de jurisdicción como elemento de entrada Universidad Central (Madrid).
Unidad subordinada Facultad de Derecho.
9 (RLIN) 7090
852 4# - LOCALIZACIÓN
Ubicación ES-MaACL
Número de control de estantería T-66-F-7
Holdings
Estatus retirado Estado de pérdida Estado de daño No para préstamo Colección Biblioteca de origen Biblioteca actual Ubicación en estantería Fecha de adquisición Fuente de adquisición Total de préstamos Signatura topográfica completa Código de barras Visto por última vez Precio de reemplazo Tipo de ítem Koha
        Colección de folletos Biblioteca del Ateneo de Madrid Biblioteca del Ateneo de Madrid Depósito folletos 17/01/2008     T-66-F-7 1057605 23/02/2023 23/02/2023 Folleto